00988 2200289 4500245008300000250001100083100001600094700001900110700002300129700001900152700001600171700001600187700002100203700001500224700001800239700001900257700001900276700001600295650001600311005001900327260001800346041001400364084000800378300002000386500028300406336000900689 aKoleksi Karya Siswa Kelas XI - AKL b : Dynasty of OraclescFatih RidhohText aCet. 1 aFatih Ridho aSalwa Selviana aIntan Permata Sari aJulieta Angwat aSuci Andini aSuci Adinda aNoval Ardiansyah aFatha Wais aSarah Naulina aSiti Ardiyanti aSherly Devania aSiti Nailah aKarya Siswa a20240219105324 aJakartac2024 aIndonesia a081 ailus. :c25 cm, aKoleksi karya siswa ini merupakan karya argumentasi dari beberapa siswa kelas XI-DKV. Beberapa karya argumentasinya seperti Pendidikan di Indonesia karya Sarah Naulina, Pemanasan Global dan terdapat riview buku sejarah yang ditulis oleh Noval Ardiansyah dan karya-karya lainnya. atext